000 00487cam a2200205 4500
001 D7056
008 090401t1982 xxu||||| |||| 00| 0 eng d
035 _a(Sirsi) u4967
041 _aeng
050 _a346.41043
100 _aMegarry, Robert
_cSir
245 _aMegarry`s manual of real property
250 _a6th
260 _aLondon
_bStevens and Sons
_c1982
300 _alvii. 615p. 24cm
350 _a19.5
700 _aHayton, David J
942 _n0
948 _c04/03/1997
999 _c86094
_d86094